|
|
|
|
| LEADER |
00000nam2a2200000 4500 |
| 001 |
351030 |
| 005 |
20231102010349.0 |
| 035 |
|
|
|a (RuTPU)RU\TPU\retro\5444
|
| 090 |
|
|
|a 351030
|
| 100 |
|
|
|a 20190319d1978 k y0rusy50 ca
|
| 101 |
0 |
|
|a rus
|
| 102 |
|
|
|a KZ
|
| 105 |
|
|
|a a z 101zy
|
| 200 |
0 |
|
|a Пленарные заседания
|
| 210 |
|
|
|d 1978
|
| 215 |
|
|
|a 71 с.
|c ил.
|
| 317 |
|
|
|5 63413507: КР-6366
|a Поступила в НТБ в 1987 г. в дар от вдовы ученого Е. К. Завадовской
|
| 320 |
|
|
|a Библиогр. в конце докл.
|
| 461 |
|
1 |
|0 (RuTPU)RU\TPU\book\339113
|t Физика диэлектриков и новые области их применения
|o тезисы докладов Всесоюзной научной конференции, 8-10 июня 1978 г., г. Караганда
|f Карагандинский политехнический институт (КарПИ, КарПТИ) ; Академия наук СССР (АН СССР), Физико-технический институт им. А. Ф. Иоффе (ФТИ) ; Академия наук СССР (АН СССР), Научный совет по сегнетоэлектрикам и диэлектрикам, Секция физики диэлектриков
|v Пленарные заседания
|n [Б. и.]
|d 1978
|
| 606 |
1 |
|
|a Диэлектрики
|2 stltpush
|3 (RuTPU)RU\TPU\subj\9759
|9 36934
|
| 606 |
1 |
|
|a Диэлектрики
|x Физика
|2 stltpush
|3 (RuTPU)RU\TPU\subj\71618
|
| 610 |
1 |
|
|a твердые диэлектрики
|
| 610 |
1 |
|
|a релаксационные свойства
|
| 610 |
1 |
|
|a применение
|
| 610 |
1 |
|
|a электрический пробой
|
| 610 |
1 |
|
|a кристаллы
|
| 610 |
1 |
|
|a полимерные диэлектрики
|
| 610 |
1 |
|
|a механоэлектрические преобразования
|
| 610 |
1 |
|
|a механохимические преобразования
|
| 610 |
1 |
|
|a высокоомные материалы
|
| 610 |
1 |
|
|a тезисы докладов
|
| 610 |
1 |
|
|a библиотека А. А. Воробьева
|
| 610 |
1 |
|
|a дары библиотеке
|
| 675 |
|
|
|a 537.226(063)
|v 4
|
| 675 |
|
|
|a 621.315.61(063)
|v 4
|
| 801 |
|
1 |
|a RU
|b 63413507
|c 20190319
|
| 801 |
|
2 |
|a RU
|b 63413507
|c 20190604
|g RCR
|
| 942 |
|
|
|c BK
|